00276 a2200133 4500001000700000020001800007040001100025100003100036240002800067245002300095300000700118362000900125440000800134185526 a85-322-2598-5 cMagnum aReyes, Yolanda/rocha, Ruth10aA pior hora do dialpor10aA pior hora do dia a290 a1999 1aFTD